LIBRARY & INFORMATION CENTRE, KCAET, TAVANUR

ONLINE PUBLIC ACCESS CATALOGUE (OPAC)

Text Book of Programming with Basic (Record no. 19171)

MARC details
000 -LEADER
fixed length control field 00299nam a22001217a 4500
003 - CONTROL NUMBER IDENTIFIER
control field OSt
008 - FIXED-LENGTH DATA ELEMENTS--GENERAL INFORMATION
fixed length control field 250128b |||||||| |||| 00| 0 eng d
041 ## - LANGUAGE CODE
Language code of text/sound track or separate title eng
100 ## - MAIN ENTRY--AUTHOR NAME
Personal name Byron, S
245 ## - TITLE STATEMENT
Title Text Book of Programming with Basic
260 ## - PUBLICATION, DISTRIBUTION, ETC. (IMPRINT)
Place of publication New DElhi:
Name of publisher Mc Graw Hill Company Ltd
942 ## - ADDED ENTRY ELEMENTS (KOHA)
Koha item type Books
Holdings
Withdrawn status Lost status Damaged status Home library Current library Date acquired Cost, normal purchase price Accession Number Koha item type Public note
Withdrawn     KAUAET KAUAET 28/01/2025 4.95 16860 Books Withdrawn as per order no A3-1008/2003 dated 25/04/2003
free website counter